| Tag |
First Indicator |
Second Indicator |
Subfields |
| LEADER |
00000cam a22000001i 4500 |
| 001 |
in00004132607 |
| 005 |
20200117090949.0 |
| 006 |
m d f |
| 007 |
cr bn mmmapmmp |
| 008 |
091109s1980 dcu o f000 0 eng d |
| 035 |
|
|
|a cis2007528928
|
| 040 |
|
|
|a UMI
|b eng
|e rda
|c UMI
|d UtOrBLW
|
| 110 |
1 |
|
|a United States.
|b Congress.
|b Senate.
|b Committee on Governmental Affairs,
|e issuing body.
|0 http://id.loc.gov/authorities/names/n79053105
|
| 245 |
1 |
0 |
|a S. 932, Synthetic Fuels Bill.
|
| 264 |
|
1 |
|a [Washington :
|b U.S. G.P.O.],
|c 1980.
|
| 300 |
|
|
|a 114 pages, digital, PDF file.
|
| 336 |
|
|
|a text
|2 rdacontent
|b txt
|
| 337 |
|
|
|a computer
|b c
|2 rdamedia
|
| 338 |
|
|
|a online resource
|2 rdacarrier
|b cr
|
| 500 |
|
|
|a Record is based on bibliographic data in ProQuest Congressional Hearings Digital Collection (last viewed July 2018) Reuse except for individual research requires license from ProQuest, LLC.
|
| 538 |
|
|
|a System requirements: PDF reader software.
|
| 500 |
|
|
|a Electronic resource.
|
| 610 |
1 |
0 |
|a United States.
|b Congress
|x Committees.
|0 http://id.loc.gov/authorities/subjects/sh85140762
|
| 650 |
|
0 |
|a Energy conservation.
|0 http://id.loc.gov/authorities/subjects/sh85043124
|
| 650 |
|
0 |
|a Public utilities.
|0 http://id.loc.gov/authorities/subjects/sh85108825
|
| 710 |
1 |
|
|a United States.
|b Congress.
|b Senate.
|b Committee on Banking, Housing, and Urban Affairs,
|e other agent associated with work.
|0 http://id.loc.gov/authorities/names/n81033403
|
| 710 |
1 |
|
|a United States.
|b Congress.
|b House.
|b Committee on Interstate and Foreign Commerce,
|e other agent associated with work.
|0 http://id.loc.gov/authorities/names/n79047542
|
| 710 |
1 |
|
|a United States.
|b Congress.
|b Senate.
|b Committee on Energy and Natural Resources,
|e other agent associated with work.
|0 http://id.loc.gov/authorities/names/n79043129
|
| 710 |
1 |
|
|a United States.
|b Congress.
|b Joint Committee of Conference,
|e other agent associated with work.
|
| 730 |
0 |
|
|a ProQuest U.S. Congressional Hearings Digital Collection.
|
| 776 |
0 |
8 |
|a United States. Congress. Senate. Committee on Governmental Affairs.
|t S. 932, Synthetic Fuels Bill
|o 96 JC-T.37
|
| 856 |
4 |
0 |
|u http://proxy.library.tamu.edu/login?url=http://congressional.proquest.com/congcomp/getdoc?HEARING-ID=HRG-1980-NAR-0076
|y Electronic resource (PDF)
|t 0
|
| 999 |
f |
f |
|s 40faaa59-11c9-3a16-95af-6c7bc3fdad58
|i a827991f-c3f8-3624-ad95-16987e0e4621
|t 0
|
| 952 |
f |
f |
|a Texas A&M University
|b College Station
|c Electronic Resources
|d Available Online
|t 0
|h No information provided
|
| 998 |
f |
f |
|t 0
|l Available Online
|